000
00315nam a22001457a 4500
003
SGT
082
_a
617.601 ,P11M
100
_a
MARYA,CM
245
_a
A TEXT BOOK OF PUBLIC HEALTH DENTISTRY
250
_a
1ST
260
_a
NEW DELHI
_b
JAYPEE BROTHERS
_c
2011
300
_a
547
650
_a
PCD
942
_2
ddc
_c
BK
_0
2
999
_c
9714
_d
9714